000 01109 a2200241 4500
005 20080827162836.0
008 080827t xxu||||| |||| 00| 0 hin d
010 _aHIN-83316
020 _c170.00
_a8188854271
035 _aHN-55662
037 _bपु.प्र.अ.प्र / प्रका
082 _a822
100 _aचक्रवर्ती, पुरूषोत्तम
245 _aआयाम दर आयाम/
_cपुरूषोत्तम चक्रवर्ती
246 _aAayam dar aayam
_bby Purshottam Chakarvarti
260 _aदिल्ली
_bसंदर्भ प्रकाशन
_c2006
270 _aवी-8, नवीन शाहदरा
_bदिल्ली
_e110032
300 _a136पृ
_c22 सेमी (सजिल्द)
650 _aहिन्दी नाटक
650 _aHindi Stories
942 _adpl
_cHN
_k822 / चक्रव
_2ddc
_h822
_mचक्रव
999 _c12138
_d12138